| 000 | 01366nam a22003497a 4500 | ||
|---|---|---|---|
| 005 | 20240530110453.0 | ||
| 008 | 150520s2010 ua g b 000 0 ara d | ||
| 017 |
_a2010/9727 _bمصر . دار الكتب المصرية |
||
| 020 | _a9789773832094 | ||
| 040 | _aEG-CaGPL | ||
| 082 | 0 | 4 |
_221 _a257.1\ _bع ن |
| 100 | 0 | _aعلى يوسف شكرى | |
| 245 | 1 | 2 |
_aالنظام الدستورى فى الشريعة الاسلامية / _cعلى يوسف شكرى |
| 250 | _aط1 | ||
| 260 |
_aالقاهرة : _bإيتراك للطباعة و النشر و التوزيع ، _c2010 . |
||
| 300 |
_a283 ص ؛ _c24 سم . |
||
| 504 | _aيشتمل على ارجاعات ببليوجرافية | ||
| 650 | 0 | 4 |
_aالعالم الاسلامى _xالنظام السياسى |
| 650 | 0 | 4 | _aالخلافة |
| 650 | 0 | 4 | _aالاسلام و السياسة |
| 650 | 0 | 4 | _aالامامة |
| 650 | 0 | 4 | _aالائمة و الاولياء |
| 650 | 0 | 4 | _aالامامة عند الشيعة |
| 650 | 0 | 4 | _aالوزير فى القرآن |
| 650 | 0 | 4 |
_aالوزارات _xفقة اسلامى |
| 650 | 0 | 4 | _aالشورى فى القرآن |
| 650 | 0 | 4 | _aالشورى فى السنة |
| 650 | 0 | 4 | _aالشريعة الاسلامية |
| 650 | 0 | 4 |
_aالشريعة الاسلامية _xحقوق الانسان |
| 942 |
_2ddc _cBK |
||
| 999 |
_c61292 _d61292 |
||